000 00904nam a22002177a 4500
005 20240530110338.0
008 141022s2010 ua gr 000 0 ara d
017 _a11236/2010
_bمصر . دار الكتب
020 _a9789773201536
040 _aEG-CaGPL
082 0 4 _221
_a962.06\
_bق/م م
100 0 _aمصطفى عبدالغنى
245 1 2 _aالمثقفون وثورة يوليو :
_bالشهادة الاخيرة /
_cمصطفى عبدالغنى
250 _aط1
260 _aالقاهرة :
_bمركز الاهرام للنشر والترجمة والتوزيع ،
_c2010
650 0 4 _aالمثقفون المصريون
_yثورة 1952
651 0 4 _aمصر
_xالاحوال الثقافية
651 0 4 _aمصر
_xتاريخ
_yالعصر الحديث
_yثورة 1952
942 _2ddc
_cBK
999 _c59828
_d59828